000 00711nab#a2200217#c#4500
999 _c18857
_d18857
003 IEF
005 20191203182850.0
008 950704s1976 uuu|| #####0 b| |u
040 _aIEF
_cES-MaIEF
100 1 _aHernández de la Torre y Galán, Carlos
_921154
245 _aLa prefiguración normativa del Impuesto sobre Sociedades y la obra de Flores de Lemus
_c Carlos Hernández de la Torre y Galán
260 _c1976
500 _aBibliografía
650 4 _aIMPUESTO DE SOCIEDADES
_945680
650 4 _aLEGISLACION
_947615
650 4 _aFLORES DE LEMUS, ANTONIO (1876-1941)
_944347
773 0 _tHacienda pública española
_w34570
_g42-43, p. 163-188
942 _2udc
942 _2udc